Star Wars Crawl (Episode IV) Quiz Stats

 Plays Quiz Updated Dec 23, 2016

Challenge
Share
Tweet
Embed
Score 0/83 Timer 06:00
0 Plays Today
% Correct
a
97.2%
a
97.2%
the
88.1%
the
88.1%
the
88.1%
the
88.1%
the
88.1%
the
88.1%
the
88.1%
Empire's
76.7%
Empire's
76.7%
Empire.
76.7%
STAR,
76.1%
Rebel
74.6%
Rebel
74.6%
DEATH
71.6%
galaxy...
69.3%
is
67%
Leia
64.5%
an
64.3%
an
64.3%
of
63.2%
of
63.2%
Princess
63.1%
to
62.1%
to
62.1%
to
62.1%
to
62.1%
% Correct
It
60.8%
war.
60.5%
plans
53.1%
plans
53.1%
planet.
52.8%
weapon,
51%
Galactic
47.1%
and
46.7%
space
45.9%
destroy
44.9%
evil
42.8%
with
41.2%
civil
41%
secret
40.7%
entire
40%
period
39.2%
have
38.6%
power
38.5%
station
37.7%
base,
36.5%
from
34.8%
enough
32.7%
spies
32.4%
battle,
32.4%
ultimate
31.1%
stolen
30.9%
their
30.2%
steal
30%
% Correct
her
29.7%
her
29.7%
hidden
29.6%
save
28.5%
against
27.8%
restore
27.1%
can
26.9%
that
25.4%
first
24.8%
won
24.5%
victory
24.1%
During
23.9%
by
23.5%
managed
23.3%
freedom
23.2%
home
21.8%
striking
21.3%
starship,
21.3%
armored
19.8%
aboard
19.5%
people
18.9%
agents,
18.7%
spaceships,
18.2%
sinister
17.9%
races
17.7%
Pursued
17.6%
custodian
16.9%

You're not logged in!

Compare scores with friends on all Sporcle quizzes.
Join for Free
OR
Log In

You Might Also Like...

Show Comments

Extras

Top Quizzes Today


Score Distribution

Your Account Isn't Verified!

In order to create a playlist on Sporcle, you need to verify the email address you used during registration. Go to your Sporcle Settings to finish the process.

Report this User

Report this user for behavior that violates our Community Guidelines.

Details: